Statistics for Cookie Clicker - Cookie Variants

Click here to take the quiz!

General Stats

  • This quiz has been taken 45 times
  • The average score is 14 of 65

Answer Stats

DescriptionCookie% Correct
"We all gotta start somewhere."Plain cookies
96%
"No raisin to hate these."Oatmeal raisin cookies
80%
"This is the cookie you've been clicking this whole time. It looks a bit dented and nibbled on, but it's otherwise good as new."Chocolate chip cookie
76%
"There used to be a cookie here. Now there isn't. Good heavens, what did you DO?!"Cookie crumbs
76%
"Let me tell you about cashews. Cashews are not nuts, but seeds that grow out of curious red or yellow fruits - which can be eaten on their own, or made into drinks. The shell around the nut itself contains a nasty substance that stains and irritates the hands of whoever handles it for too long. But that's okay, since now that you've read this you'll make sure it doesn't get into the cookies! Oh, you've already eaten a bunch? Okay then."Cashew cookies
72%
"Tasty, if a little unimaginative."Sugar cookies
72%
"Some experts have pointed to the walnut's eerie resemblance to the human brain as a sign of its sentience - a theory most walnuts vehemently object to."Walnut cookies
68%
"I know what you'll say. It's just cocoa butter! It's not real chocolate! Oh please."White chocolate cookies
64%
"Flaky, but not unreliable. Some people go crazy for these."Coconut cookies
56%
"Get yourself some jam cookies!"Peanut butter cookies
56%
"They're macadam delicious!"Macadamia nut cookies
52%
"A strange inversion of chocolate milk. For those who are a little bit too hardcore for white chocolate, but not hardcore enough for dark."Milk chocolate cookies
48%
"Sometimes you feel like one of these. Sometimes you don't."Almond cookies
44%
"Not to be confused with macarons. These have coconut, okay?"Macaroons
44%
"Tastes like a morning stroll through a fragrant forest, minus the cloud of gnats."Hazelnut cookies
40%
"Orteil's Favorite."White chocolate macadamia nut cookies
40%
"DOUBLE THE CHIPS DOUBLE THE TASTY (double the calories)"Double-chip cookies
36%
"Palmier than you!"Palmiers
36%
"Look to the cookie."Eclipse cookies
32%
"For your growing cookie empire, of course!"Empire biscuits
32%
"You like to bite the legs off first, right? How about tearing off the arms? You sick monster."Gingerbread men
32%
"True to their name."Snickerdoodles
28%
"If it ain't Dutch, it ain't much."Stroopwafels
24%
"The name implies they're made of sand. But you know better, don't you?"Sablés
20%
"..."Zebra cookies
20%
"CHOCOVERDOSE."All-chocolate cookies
16%
"These absorb light so well you almost need to squint to see them."Dark chocolate-coated cookies
16%
"Unforgettable!"Madeleines
16%
"Dipped in a lab-made substance darker than the darkest cocoa (dubbed "chocoalate")."Pure black chocolate cookies
16%
"Elaborated on the nano-scale, the coating on this biscuit is able to refract light even in a pitch-black environment."Pure white chocolate cookies
16%
"These melt right off your mouth and into your heart. (Let's face it, they're rather fattening.)"Butter cookies
12%
"Cleaned and sanitized so well you'd swear they're actual biscuits."Ladyfingers
12%
"You could probably play hockey with these. I mean, you're welcome to try."Palets
12%
"These dazzling cookies absolutely glisten with flavor."White chocolate-coated cookies
12%
"These melt in your hands just a little bit."Candy cookies
8%
"A princely snack! The holes are so the chocolate stuffing can breathe."Chocolate-stuffed biscuits
8%
"Evergreens in pastry form. Yule be surprised what you can come up with."Gingerbread trees
8%
"You get one."One chip cookies
8%
"Covered in seeds and other earthy-looking debris. Really going for that "5-second rule."Whole grain cookies
8%
"Close, but no match for those extravagant cookie straws they serve in coffee shops these days."Cigars
4%
"Stick a nut on a cookie and call it a day! Name your band after it! Whatever!"Pecan sandies
4%
"Rose water and poppy seeds are the secret ingredients of these small, butter-free cookies."Persian rice cookies
4%
"These never go out of tile."Tuiles
4%
"Army biscuits from a bakery down under, containing no eggs but yes oats."Anzac biscuits
0%
"You are in awe at the size of these chips. Absolute units."Big chip cookies
0%
"Glistening with cholesterol, these cookies moistly straddle the line between the legal definition of a cookie and just a straight-up stick of butter."Buttercakes
0%
"The polymerized carbohydrates adorning these cookies are sure to stick to your teeth for quite a while."Caramel cookies
0%
"A square cookie? This solves so many storage and packaging problems! You're a genius!"Checker cookies
0%
"Non-denominational cookies to celebrate year-round deliciousness, and certainly not Christmas or some other nonsense."Chocolate crinkles
0%
"The secret is in the patented swirly glazing."Cinnamon cookies
0%
"It's like two chocolate chip cookies! But brought together with the magic of cream! It's fiendishly perfect!"Cream cookies
0%
"These make up for being the fruitcake of cookies by at least having the decency to feature chocolate."Florentines
0%
"Not exactly cookies, but you won't care once you've tasted one of these. They're so good, it's fudged-up!"Fudge squares
0%
"Cookies with a soul. Probably."Gingersnaps
0%
"In an alternate universe, "ice cream sandwich" designates an ice cream cone filled with bacon, lettuce, and tomatoes. Maybe some sprinkles too."Ice cream sandwiches
0%
"Made with syrup from a land where milk comes in bags, instead of spontaneously pooling at the bottom of your screen depending on your achievements."Maple cookies
0%
"Three thought-provoking layers of creamy chocolate, hard-working caramel and crumbly biscuit in a poignant commentary of class struggle."Millionaires' shortbreads
0%
"Popular for being the world's moravianest cookies."Moravian spice cookies
0%
"You have no idea how these oven-less treats came to be or how they hold their shape. You're thinking either elephant glue or cold fusion."No-bake cookies
0%
"Topped with a scrumptious chocolate squirt, which is something we really wish we didn't just write."Peanut butter blossoms
0%
"One of the oldest cookies. Traditionally dipped in champagne to soften it, because the French will use any opportunity to drink."Pink biscuits
0%
"Bringing you the dizzying combination of brown flavor and beige taste!"Pinwheel cookies
0%
"These rich butter cookies are neither short, nor bread. What a country!"Shortbread biscuits
0%
"A bit of festive decorating helps hide the fact that this might be one of the blandest cookies you've ever tasted."Sprinkles cookies
0%
"One tiny candied fruit sits atop this decadent cookie."Vanity cookies
0%

Score Distribution

Percentile by Number Answered

Percent of People with Each Score

Your Score History

You have not taken this quiz